10 Biggest towns on the Isle of Man - Statistics

General Stats
  • This quiz has been taken 36 times
  • The average score is 7 of 10
Answers on the Map
Answers color-coded by a green-red scale on the quiz's map according to % correct below.
 
Answer Stats
Population Answer % Correct
~26,780 Douglas
100%
~5,710 Peel
83%
~8,290 Ramsey
79%
~1,660 Laxey
71%
~3,730 Port Erin
71%
~3,210 Castletown
67%
~1,990 Port St. Mary
54%
~9,040 Onchan
50%
~1,520 Kirk Michael
42%
~1,030 Ballaugh
33%
No matching quizzes found
Score Distribution
Percent of People with Each Score
Percentile by Number Answered
Your Score History
You have not taken this quiz